00581nam a2200181 i 4500001000400000100003100004245004200035260004300077300002100120650002200141040000800163041001300171942000700184008004100191999001700232856009800249952005200347bgj1 aGary, Romaind(1914-1980).10aLady L. :ba novel /cby Romain Gary. aNew York :bSimon and Schuster,c1959. a215 pp ;c22 cm. 9aFrench literature cBPK0 aenghfre cKS s uk f |000 0 eng  c48796d48796 uhttp://koha.tu.koszalin.pl/cgi-bin/koha/opac-detail.pl?biblionumber=48796yKatalog online BPK 00104070aBPKbBPKckwoKA 6120p09050587yKS